Loading...
| Social Science | 0 | 3 | 0 | 0 | 30 | 106 | 117.67 | 0 | 0 | 0.00 | 0.00 |
| Mythology | 0 | 3 | 1 | 0 | 25 | 97 | 107.00 | 0 | 1 | 0.00 | 0.00 |
| Science - Other | 0 | 1 | 0 | 0 | 10 | 130 | 130.00 | 0 | 1 | 0.00 | 0.00 |
| Religion | 0 | 1 | 0 | 0 | 10 | 106 | 106.00 | 1 | 1 | 0.00 | 0.00 |
| History - American | 0 | 1 | 0 | 1 | 10 | 131 | 131.00 | 0 | 0 | 0.00 | 0.00 |
| Literature - European | 0 | 1 | 0 | 1 | 10 | 144 | 144.00 | 0 | 0 | 0.00 | 0.00 |
| Science - Physics | 0 | 1 | 0 | 0 | 10 | 121 | 121.00 | 0 | 0 | 0.00 | 0.00 |
| Literature - American | 0 | 1 | 0 | 0 | 10 | 114 | 114.00 | 0 | 0 | 0.00 | 0.00 |
| History - Other | 0 | 1 | 0 | 1 | 10 | 131 | 131.00 | 0 | 0 | 0.00 | 0.00 |
| Fine Arts - Painting and Sculpture | 0 | 0 | 0 | 0 | 0 | 0.00 | 0 | 0 | 0.00 | 0.00 | |
| Literature - British | 0 | 0 | 0 | 0 | 0 | 0.00 | 0 | 0 | 0.00 | 0.00 | |
| Science - Biology | 0 | 0 | 0 | 0 | 0 | 0.00 | 0 | 0 | 0.00 | 0.00 | |
| Literature - World | 0 | 0 | 1 | 0 | -5 | 0.00 | 0 | 0 | 0.00 | 0.00 | |
| History - World | 0 | 0 | 1 | 0 | -5 | 0.00 | 0 | 0 | 0.00 | 0.00 |